000 00323cam a2200145ua 4500
001 1546
008 131122n II |||gr||||Z||||||eng
040 _aMAIN
041 _aEnglish
082 _a320.54 BRE
100 _aBRECHER.
245 _aINDIA AND WORLD POLITICS
653 _aIndian Politics & Government
942 _cBK
999 _c1545
_d1545